A Békés és Csanád megyei szlovákok anyanyelvi művelődési viszonyai 1919-1944 Vzdelávacie pomery v materčine u Slovákov v Békešskej a Čanádskej župe

Podrobná bibliografia
Hlavný autor: Tóth, István, 1934- (Autor)
Médium: Kniha
Jazyk:maďarčina
slovenčina
Fyzický popis:209 s. fotografie, ilustrácie 24 cm
Vydavateľské údaje: Budapest Az Országos Szlovák Önkormányzat 1999
ISBN:9630376822
Predmet:

MARC

LEADER 00000cam a2200000 a 4500
001 vtls008844578
003 SK-MaSNL
005 20260426005010.0
008 240509s1999 hu oa grn 000 0dhun
015 |a SNBZSA2007-00133 
020 |a 9630376822  |q (brožované) 
040 |a SNK  |b slo  |c SNK  |e AACR2 
041 0 |a hun  |a slo 
043 |a e-hu---  |a e-xo--- 
044 |a hu  |c HU 
072 7 |a 37.014  |x Vzdelávacia a výchovná politika  |2 konspekt 
080 |a 323.15  |2 2011 
080 |a 811.162.4  |2 2011 
080 |a (439)  |2 2011 
080 |a 37.01/.09  |2 2011 
080 |a (048.8)  |2 2011 
100 1 |a Tóth, István,  |d 1934-  |4 aut  |9 645054 
245 1 2 |a A Békés és Csanád megyei szlovákok anyanyelvi művelődési viszonyai 1919-1944  |b Vzdelávacie pomery v materčine u Slovákov v Békešskej a Čanádskej župe  |c Tóth István 
246 3 1 |a Vzdelávacie pomery v materčine u Slovákov v Békešskej a Čanádskej župe 
260 |a Budapest  |b Az Országos Szlovák Önkormányzat  |c 1999 
300 |a 209 s.  |b fotografie, ilustrácie  |c 24 cm 
366 |e 400 výtl. 
500 |a Publikácia Celoštátnej slovenskej samosprávy 
504 |a Obsahuje bibliografické odkazy 
546 |a Súbežný názov a text slovensky 
648 7 |a 1919-1944  |2 SNKPH  |9 281689 
650 0 7 |a Slováci v zahraničí  |2 SNKPH  |9 14695 
650 0 7 |a vzdelávanie  |2 SNKPH  |9 4033 
650 0 7 |a slovenčina  |2 SNKPH  |9 1350 
650 0 7 |a Slovaks in foreign  |2 SNKPHeng  |9 265147 
650 0 7 |a Education  |2 SNKPHeng  |9 265320 
650 0 7 |a Slovak language  |2 SNKPHeng  |9 266031 
651 7 |a Maďarsko  |2 SNKPH  |9 16754 
651 7 |a Hungary  |2 SNKPHeng  |9 265263 
655 7 |a štúdie  |2 SNKPH  |9 57033 
655 7 |a Studies  |2 SNKPHeng  |9 265573 
710 2 |a Maďarsko  |b Celoštátna slovenská samospráva  |4 pbl  |9 645055 
919 |a 963-03-7682-2 
954 |a odborná, vedecká literatúra pôvodná (slovenská)  |2 lita 
954 |a odborná, vedecká literatúra cudzojazyčná (svetová)  |2 lita 
958 |a EUIPO 
958 |a ZS 
958 |a HU 
958 |a NB 
958 |a NM 
958 |a OND 
999 |c 996813  |d 998743 
952 |a SNK  |b SNK  |y PREZ  |7 0  |p 17A0525843  |o snkSC 125254  |i snk2006/21712  |8 2  |g 7.93  |0 0  |1 0  |4 0  |d 2006-09-05  |f 1  |l 0  |r 2025-06-09 00:00:00  |w 2026-02-24 
952 |a SNK  |b SNK  |y VYP  |7 0  |p 17A0525844  |o snkSC 125254 D1  |i snk2006/21715  |8 2  |g 7.93  |0 0  |1 0  |4 0  |d 2006-09-05  |l 0  |r 2026-02-24 12:06:42  |w 2026-02-24